Catálogo
 En Linea

Etnobotánica mixteca : (Registro nro. 25510)

Detalles MARC
000 -CABECERA
campo de control de longitud fija 00925nam a2200229 a 4500
001 - NÚMERO DE CONTROL
campo de control 000026018
005 - FECHA Y HORA DE LA ÚLTIMA TRANSACCIÓN
campo de control 20200930024231.0
008 - DATOS DE LONGITUD FIJA--INFORMACIÓN GENERAL
campo de control de longitud fija 110225s1994 mx a r 000 0 spa d
020 ## - NÚMERO INTERNACIONAL ESTÁNDAR DEL LIBRO
Número Internacional Estándar del Libro 9682964210
040 ## - FUENTE DE LA CATALOGACIÓN
Centro catalogador/agencia de origen DO-SdBNP
Lengua de catalogación spa
Centro/agencia transcriptor BNPHU
082 ## - NÚMERO DE LA CLASIFICACIÓN DECIMAL DEWEY
Número de clasificación C335e
Número de documento/Ítem nn*
049 ## - FONDOS LOCALES (OCLC)
Fondos de biblioteca BNGR
100 1# - ENTRADA PRINCIPAL--NOMBRE DE PERSONA
Nombre de persona Casas, Alejandro.
9 (RLIN) 52924
245 10 - MENCIÓN DE TÍTULO
Título Etnobotánica mixteca :
Resto del título sociedad, cultura y recursos naturales en la montaña de Guerrero /
Mención de responsabilidad, etc. Alejandro Casas, Juan Luis Viveros y Javier Caballero.
260 ## - PUBLICACIÓN, DISTRIBUCIÓN, ETC.
Lugar de publicación, distribución, etc. México, D. F. :
Nombre del editor, distribuidor, etc. Dirección General de Publicaciones del Consejo Nacional para la Cultura y las Artes ;
-- Instituto Nacional Indigenista,
Fecha de publicación, distribución, etc. 1994.
300 ## - DESCRIPCIÓN FÍSICA
Extensión 336 p. :
Otras características físicas il. ;
Dimensiones 22 cm.
490 1# - MENCIÓN DE SERIE
Mención de serie Presencias.
Designación de volumen o secuencia 67
504 ## - NOTA DE BIBLIOGRAFÍA, ETC.
Nota de bibliografía, etc. Bibliotecología : 361-366 p.
500 ## - NOTA GENERAL
Nota general Incluye referencias bibliográficas y notas al pie de las páginas.
700 1# - PUNTO DE ACCESO ADICIONAL--NOMBRE DE PERSONA
Nombre de persona Viveros, Juan Luis.
9 (RLIN) 52925
700 1# - PUNTO DE ACCESO ADICIONAL--NOMBRE DE PERSONA
Nombre de persona Caballero, Javier.
9 (RLIN) 52926

No hay ítems disponibles.

Con tecnología Koha